Leçons françaises de littérature et de morale choisies des meilleurs auteurs qui ont écrit dans ce genre / (Record no. 166590)

MARC details
000 -LEADER
campo de control de longitud fija 00792nam a22002055i 4500
001 - NÚMERO DE CONTROL
campo de control 166590
003 - IDENTIFICADOR DE NÚMERO DE CONTROL
campo de control ES-MaACL
005 - FECHA Y HORA DE LA ÚLTIMA TRANSACCIÓN
campo de control 20230906213349.0
008 - DATOS DE LONGITUD FIJA--INFORMACIÓN GENERAL
campo de control de longitud fija 981002s1853 sp |||| | fre d
080 ## - NÚMERO DE LA CLASIFICACIÓN DECIMAL UNIVERSAL
Número de la Clasificación Decimal Universal 087.5:82
100 1# - ENTRADA PRINCIPAL--NOMBRE DE PERSONA
Nombre de persona Tramarria, Francisco de.
9 (RLIN) 133367
245 10 - MENCIÓN DEL TÍTULO
Título Leçons françaises de littérature et de morale choisies des meilleurs auteurs qui ont écrit dans ce genre /
Mención de responsabilidad, etc. par Tramarria.
250 ## - MENCION DE EDICION
Mención de edición 3e éd.
260 ## - PUBLICACIÓN, DISTRIBUCIÓN, ETC.
Lugar de publicación, distribución, etc. Madrid :
Nombre del editor, distribuidor, etc. Imp., fonderie et librairie d'Aguado,
Fecha de publicación, distribución, etc. 1853.
300 ## - DESCRIPCIÓN FÍSICA
Extensión 224, 224 p. ;
Dimensiones 19 cm.
505 8# - NOTA DE CONTENIDO CON FORMATO
Nota de contenido con formato Contiene: Premiere partie: prose . Deuxieme partie: poesie
650 #4 - PUNTO DE ACCESO ADICIONAL DE MATERIA--TÉRMINO DE MATERIA
Término de materia o nombre geográfico como elemento de entrada Lengua francesa-
Subdivisión de forma Lecturas.
9 (RLIN) 139019
752 ## - ENTRADA AGREGADA--NOMBRE JERÁRQUICO DEL LUGAR
País o entidad superior España -
Ciudad Madrid
852 4# - LOCALIZACIÓN
Ubicación ES-MaACL
Número de control de estantería D-2120
Nota libre - Enc. pasta española
-- - Legado Modesto de Lafuente
Holdings
Estatus retirado Estado de pérdida Estado de daño No para préstamo Colección Biblioteca de origen Biblioteca actual Ubicación en estantería Fecha de adquisición Fuente de adquisición Total de préstamos Signatura topográfica completa Código de barras Visto por última vez Precio de reemplazo Tipo de ítem Koha
        Libros del s. XIX Biblioteca del Ateneo de Madrid Biblioteca del Ateneo de Madrid Sala Valle Inclán 17/01/2008     D-2120 901174721 23/02/2023 23/02/2023 Libro impreso antiguo